Normal view MARC view
  • Hang, Julia

Entry Nombre Personal

Number of records used in: 1

001 - NUMERO DE CONTROL

  • campo de control: 48628

003 - IDENTIFICADOR DE NUMERO DE CONTROL

  • campo de control: UPN

005 - FECHA Y HORA DE LA ÜLTIMA TRANSACCIÓN

  • campo de control: 20230330191330.0

008 - DATOS DE LONGITUD FIJA

  • campo de control de longitud fija: 230330nn acnnnaabn n ana d

040 ## - FUENTE DE CATALOGACIÓN

  • Agencia original de catalogación: MX-MxUPN
  • Lenguaje de catalogación: spa

100 1# - ENCABEZAMIENTO - NOMBRE PERSONAL

  • Nombre personal: Hang, Julia

670 ## - FUENTE EN LA QUE SE LOCALIZARON DATOS

  • Cita de la fuente: ¿Condenados a la reflexividad?, 2018:
  • Información localizada: página 198 (Julia Hang) página

902 ## - CATALOGADOR

  • Catalogador: VíctorGodínez/300323